00613nam a2200193 a 4500008004100000020003000041100002200071245004700093260003500140300003400175504004900209500002000258650004800278650002700326650003900353003000100392005001700393040000900410  a9780240803654 (paperback)1 aDiZazzo, Raymond.10aCorporate media production /cRay DiZazzo. aBoston :bFocal Press,cc2000. axii, 244 p. :bill. ;c28 cm. aIncludes bibliographical references: p. 233. aIncludes index. 0aVideo recordingsxProduction and direction. 0aIndustrial television. 0aIndustrial televisionxAuthorship.20230123133623.0 cNUST